00472nam a2200145Ia 4500008004100000020001800041041000800059082001700067100010100084245007700185250000600262260003700268300001200305650000900317210716s2018 xx 000 0 und d a9789386052742 aeng a005.276 KOVA aKovalevych, Alex; Buchanan, RTobert; Lee, Daniel; Mooy, Chelsy; Bruhiere, Xavier; Huerga, Ramon. aKong: becoming a king of API gateways.bBecoming a king of API gateways. a1 aNew DelhibDreamtech Pressc2018 axii,177 aNone